00380pab a2200145 454500008004000000100002600040245003600066260000900102300001500111362000800126650003200134650001000166700002400176773003400200180718b2006 xxu||||| |||| 00| 0 eng d aChakrabarti, Prafulla aInjecting drug users in Kolkata c2006 ap.296-313. aJul aDrugs - India - West Bengal aDrugs aChowdhury, Sudip K. aIndian Journal of Social Work